000 00787nam a2200181 a 4500
008 100211s1985 ||||||||||||||||| || u
020 _a9211260019
050 _aUNDP(02)
110 _aUnited Nations Development Programme (UNDP)
245 1 0 _aGeneration, portrait of the United Nations Development Programme.
_cby United Nations Development Programme (UNDP)
260 _aNew York:
_bUNDP
_c1985
300 _a80p. : ill.
350 _a0.00
650 _aUNITED NATIONS DEVELOPMENT PROGRAMME
650 _aECONOMIC DEVELOPMENT PROJECTS --DEVELOPING COUNTRIES
650 _aECONOMIC ASSISTANCE--DEVELOPING COUNTRIES
995 _D0.00
_FCBU-MAIN LIBRARY (Kitwe)
_H1
_I0.00
_M1
_UAVAILABLE
_WFeb 11, 2010
_ZInternational Publications
999 _c44428
_d44428